Survival on meagre resources : (Record no. 164)

MARC details
000 -LEADER
fixed length control field 01480cam a2200361 a 4500
001 - CONTROL NUMBER
control field 2606038
003 - CONTROL NUMBER IDENTIFIER
control field OSt
005 - DATE AND TIME OF LATEST TRANSACTION
control field 20230602140915.0
008 - FIXED-LENGTH DATA ELEMENTS--GENERAL INFORMATION
fixed length control field 970604s1996 sw ab b 000 0 eng d
020 ## - INTERNATIONAL STANDARD BOOK NUMBER
International Standard Book Number 9171063862
035 ## - SYSTEM CONTROL NUMBER
System control number (NIC)notisAPE8839
035 ## - SYSTEM CONTROL NUMBER
System control number (CStRLIN)NYCXAPE8839-B
040 ## - CATALOGING SOURCE
Original cataloging agency TXH
Transcribing agency TXH
Modifying agency NIC
-- DLC
042 ## - AUTHENTICATION CODE
Authentication code lccopycat
043 ## - GEOGRAPHIC AREA CODE
Geographic area code f-sj---
-- f-ua---
082 ## - DEWEY DECIMAL CLASSIFICATION NUMBER
Classification number 304.2
Item number MAN
100 1# - MAIN ENTRY--PERSONAL NAME
Personal name Manger, Leif O.
245 10 - TITLE STATEMENT
Title Survival on meagre resources :
Remainder of title Hadendowa pastoralism in the Red Sea Hills /
Statement of responsibility, etc. Leif Manger with Hassan Abd el Ati ... [et al.].
260 ## - PUBLICATION, DISTRIBUTION, ETC. (IMPRINT)
Place of publication, distribution, etc. Uppsala :
Name of publisher, distributor, etc. Nordiska Afrikainstitutet,
Date of publication, distribution, etc. 1996.
300 ## - PHYSICAL DESCRIPTION
Extent 244 p. :
Other physical details ill., maps ;
Dimensions 24 cm.
504 ## - BIBLIOGRAPHY, ETC. NOTE
Bibliography, etc Includes bibliographical references (p. [195]-202).
650 #0 - SUBJECT ADDED ENTRY--TOPICAL TERM
Topical term or geographic name as entry element Hadendowa (African people)
General subdivision Domestic animals.
650 #0 - SUBJECT ADDED ENTRY--TOPICAL TERM
Topical term or geographic name as entry element Hadendowa (African people)
General subdivision Social conditions.
650 #0 - SUBJECT ADDED ENTRY--TOPICAL TERM
Topical term or geographic name as entry element Hadendowa (African people)
General subdivision Economic conditions.
650 #0 - SUBJECT ADDED ENTRY--TOPICAL TERM
Topical term or geographic name as entry element Pastoral systems
Geographic subdivision Red Sea Hills (Egypt and Sudan)
650 #0 - SUBJECT ADDED ENTRY--TOPICAL TERM
Topical term or geographic name as entry element Agriculture
General subdivision Economic aspects
Geographic subdivision Red Sea Hills (Egypt and Sudan)
650 #0 - SUBJECT ADDED ENTRY--TOPICAL TERM
Topical term or geographic name as entry element Subsistence economy
Geographic subdivision Red Sea Hills (Egypt and Sudan)
650 #0 - SUBJECT ADDED ENTRY--TOPICAL TERM
Topical term or geographic name as entry element Human ecology
Geographic subdivision Red Sea Hils (Egypt and Sudan)
710 2# - ADDED ENTRY--CORPORATE NAME
Corporate name or jurisdiction name as entry element Thomas Leiper Kane Collection (Library of Congress. Hebraic Section)
Institution to which field applies DLC
906 ## - LOCAL DATA ELEMENT F, LDF (RLIN)
a 7
b cbc
c copycat
d 3
e ncip
f 19
g y-gencatlg
942 ## - ADDED ENTRY ELEMENTS (KOHA)
Source of classification or shelving scheme Dewey Decimal Classification
Koha item type Books
Holdings
Withdrawn status Lost status Source of classification or shelving scheme Damaged status Not for loan Home library Current library Date acquired Total Checkouts Full call number Barcode Date last seen Price effective from Koha item type
    Dewey Decimal Classification     Bunge Tower Library Bunge Tower Library 06/02/2023   304.2 MAN 100006 06/02/2023 06/02/2023 Books
LIBRARY OPENING HOURS

When the Parliament is sitting: 8.00a.m - 7.00p.m or until the house adjourns
Mondays and Fridays and when the House is on Recess:  8.00a.m - 5.00p.m
Closed on Weekends and Public Holidays

Online Public Access Catalog (OPAC)
Website: http://www.parliament.go.ke
Bunge Library: https://libraryir.parliament.go.ke
Contact: library@parliament.go.ke | Tel no: (254-2)2221291 or 2848000 Ext 5043